• 首页
  • 本馆介绍
  • 公告通知
  • 最新文献
  • 馆藏检索
  • 电子资源
  • 读者导购
  • 参考咨询
  • 我的图书馆
  • 登录
  • 详细信息显示
  • 放入我的书架
  • 预约/预借图书
  • 作者相关作品
  • 分类相关作品
  • 丛书相关作品
  • 出版社相关作品

书目信息

  • 表格格式
  • 工作单格式
  • 卡片格式
题名:
构建服务型政府
    
 
作者: 井敏 著
分册:  
出版信息: 北京   北京大学出版社  2006
页数: 226页
开本: 23cm
丛书名: 公共管理论丛
单 册:
中图分类: D630.1
科图分类:
主题词: 国家行政机关--职能管理--研究--中国 , 国家行政机关 , 职能管理
电子资源:
ISBN: 7-301-11282-3
000 01079oam2 2200289 450
001 003324445
005 20091208144432.37
010    @a7-301-11282-3@dCNY26.00
100    @a20060210d2006 em y0chiy0110 ea
101 0  @achi
102    @aCN@b110000
105    @ay z 000yy
106    @ar
200 1  @a构建服务型政府@9gou jian fu wu xing zheng fu@e理论与实践@dConstructing service-oriented government@etheory and practice@f井敏著@zeng
210    @a北京@c北京大学出版社@d2006
215    @a226页@d23cm
225 2  @a公共管理论丛
330    @a本书对服务型政府的基本理论进行了系统的分析,包括服务型政府的理论基础、概念、内涵和特征,并针对中国的改革实践提出了中国行政改革的目标,进而就中国构建服务型政府的可行性进行了分析。
461  0 @12001 @a公共管理论丛
510 1  @aConstructing service-oriented government@etheory and practice@zeng
606 0  @a国家行政机关@x职能管理@x研究@y中国
606 0  @a国家行政机关
606 0  @a职能管理
690    @aD630.1@v4
701  0 @a井敏@9jing min@c(女)@4著
801  0 @aCN@bNLC@c20091208
905    @b20795224-28@dD630.1@e144@f5
    
    构建服务型政府:理论与实践=Constructing service-oriented government:theory and practice/井敏著.-北京:北京大学出版社,2006
    226页;23cm.-(公共管理论丛)
    
    
    ISBN 7-301-11282-3:CNY26.00
    本书对服务型政府的基本理论进行了系统的分析,包括服务型政府的理论基础、概念、内涵和特征,并针对中国的改革实践提出了中国行政改革的目标,进而就中国构建服务型政府的可行性进行了分析。
●
相关链接 在E读中查询图书 在五车中查询图书 在当当中查询图书 在豆瓣中查询图书


正题名:构建服务型政府     索取号:D630.1/144         预约/预借

序号 登录号 条形码 馆藏地/架位号 状态 备注
1 795224   207952241   第一样本阅览室/ [索取号:D630.1/144] 在馆    
2 795225   207952250   第一借阅区/ [索取号:D630.1/144] 在馆    
3 795226   207952269   第一借阅区/ [索取号:D630.1/144] 在馆    
4 795227   207952278   第一借阅区/ [索取号:D630.1/144] 在馆    
5 795228   207952287   第一借阅区/ [索取号:D630.1/144] 在馆    
唐山师范学院图书馆 欢迎您!
大连网信软件有限公司© 版权所有